Every fishing rod in Fisch (Ancient Isle Update) - Statistics

General Stats
  • This quiz has been taken 336 times
    328 since last reset
  • The average score is 19 of 42
Answer Stats
Obtainment Method Fishing Rod % Correct
$90,000 + Aurora Totem Aurora Rod
87%
$2,000 Carbon Rod
74%
Reaching level 500 No-Life Rod
73%
Free Flimsy Rod
72%
$750,000 + Hexed Enchant Relic & Abyssal Enchant Relic Rod of the Depths
68%
$7,000 Steady Rod
67%
$150,000 + 5 Enchant Relics + 100% Desolate Deep Bestiary Trident Rod
67%
$190,000 + 70% Bestiary Completed Destiny Rod
64%
Completing Orc's quest Magma Rod
61%
$5,250 Lucky Rod
59%
$900 Plastic Rod
58%
$4,500 Fast Rod
56%
Finding rarely in treasure chests Sunken Rod
55%
$300,000 (Crafting) Rod of the Forgotten Fang
54%
$300 Training Rod
54%
$14,000 Rapid Rod
50%
$120,000 Kings Rod
45%
$110,000 Mythical Rod
44%
$250,000 (Crafting) Rod of the Eternal King
44%
$3,000 Stone Rod
44%
$40,000 Phoenix Rod
41%
$50,000 (Crafting) Wisdom Rod
40%
$12,750 Fortune Rod
39%
Completing Agaric's quest Fungal Rod
39%
$55,000 Midas Rod
38%
Inviting friend to Fisch Buddy Bond Rod
37%
$11,000 Nocturnal Rod
36%
$4,500 Long Rod
35%
$15,000 Magnet Rod
34%
$30,000 (Crafting) Voyager Rod
34%
$100,000 (Crafting) Celestial Rod
33%
$20,000 Reinforced Rod
31%
Fisch Fright Quest Haunted Rod
29%
$15,000 (Crafting) Resourceful Rod
28%
$50,000 Scurvy Rod
28%
$35,000 (Crafting) Seasons Rod
27%
$8,000 Relic Rod
26%
$50,000 (Crafting) The Lost Rod
24%
$7,500 (Crafting) Precision Rod
23%
$40,000 (Crafting) Riptide Rod
23%
Unobtainable Executive Rod
8%
Unobtainable Sovereign Doombringer
4%
No matching quizzes found
Score Distribution
Percent of People with Each Score
Percentile by Number Answered
Your Score History
You have not taken this quiz since the last reset